header

Hollywood's new radicalism (Record no. 182553)

MARC details
000 -LEADER
fixed length control field 01519nam a2200361 a 4500
082 04 - DEWEY DECIMAL CLASSIFICATION NUMBER
Classification number 791.43/658
100 1# - MAIN ENTRY--AUTHOR NAME
Personal name Dickenson, Ben.
245 10 - TITLE STATEMENT
Title Hollywood's new radicalism
260 ## - PUBLICATION, DISTRIBUTION, ETC. (IMPRINT)
Place of publication London ;
-- New York :
Name of publisher I.B. Tauris ;
Place of publication New York, NY :
Name of publisher In the United States and Canada distributed by Palgrave Macmillan,
Year of publication 2006.
300 ## - PHYSICAL DESCRIPTION
Number of Pages xvi, 216 p. :
Other physical details ill.
490 1# - SERIES STATEMENT
Series statement Cinema and society series
650 #0 - SUBJECT ADDED ENTRY--TOPICAL TERM
Topical Term Motion pictures
Topical Term Motion picture industry
856 40 - ELECTRONIC LOCATION AND ACCESS
Uniform Resource Identifier http://site.ebrary.com/lib/rucke/Doc?id=10132944

No items available.

© 2026 Rongo University
Contact us: librarian | system librarian | Rongo university